Detalles MARC
| 000 -LIDER |
| fixed length control field |
01038nam a2200337 4500 |
| 001 - NÚMERO DE CONTROL |
| Identificador de número de control |
00417321 |
| 003 - IDENTIFICACDOR DE NÚMERO DE CONTROL |
| control field |
DO-SdBPM |
| 005 - DATE AND TIME OF LATEST TRANSACTION |
| control field |
20250617113753.0 |
| 007 - CAMPOS FIJOS DE DESCRIPCIÓN FÍSICA |
| fixed length control field |
00417321 |
| 008 - ELEMENTOS DE LONGITUD FIJA |
| fixed length control field |
941021r1993 sp | |||| ||spa |
| 017 ## - NÚMERO DE REGISTRO DE DERECHOS DE AUTOR |
| Copyright or legal deposit number |
|
| Assigning agency |
|
| 020 ## - ISBN |
| International Standard Book Number |
8434829053 |
| 035 ## - NÚMERO LOCAL |
| System control number |
|
| 040 ## - FUENTE DE CATALOGACIÓN |
| Agencia que crea de manera original el registro |
DO-SdBPM |
| Idioma de catalogación |
spa |
| Agencia que realiza la transcripción |
BPMSU |
| Convenciones de la despripción |
|
| 082 #4 - NÚMERO DE CLASIFICACIÓN DECIMAL DE DEWEY |
| Classification number |
833.8 |
| Item number |
H352u 1993 |
| Edition number |
22 |
| 100 1# - ASIENTO PRINCIPAL -- NOMBRE PERSONAL |
| Nombre personal |
Hasler, Eveline |
| 240 14 - TITULO UNIFORME |
| Título uniforme |
Der Löchersammler |
| Idioma de una obra |
español |
| 245 10 - MENCIÓN DE TITULO |
| Título |
Un montón de nadas / |
| Mención de responsabilidad |
Eveline Hasler ; ilustraciones, Asun Balzola ; traducción María Teresa Bolz |
| Medio (Designación general de material) |
|
| 250 ## - MENCIÓN DE EDICION |
| Mención de edición |
5a. ed. |
| 260 ## - PUBLICACIÓN, DISTRIBUCIÓN, ETC. (PIE DE IMPRENTA) |
| Lugar de publicación, distribución, etc |
Madrid : |
| Nombre del editor, distribuidor, etc. |
SM, |
| Fecha de publicación, distribución, etc |
1993 |
| 300 ## - DESCRIPCIÓN FÍSICA |
| Extensión |
99 p. : |
| Otros detalles físicos |
il.; |
| Dimensiones |
19 cm |
| 490 0# - MENCIÓN DE SERIES |
| Mención de serie |
El barco de vapor; |
| -- |
Serie naranja, |
| Volume/sequential designation |
47 |
| 500 ## - NOTA GENERAL |
| Nota general |
A partir de 9 años |
| 590 ## - NOTA LOCAL |
| Texto de la nota local |
Invententariado, 2025/VM |
| 650 #4 - ENCABEZAMIENTO DE MATERIA--TEMÁTICO |
| Término temático o nombre geográfico como elemento de entrada |
Cuentos infantiles suizos |
| 650 #4 - ENCABEZAMIENTO DE MATERIA--TEMÁTICO |
| Término temático o nombre geográfico como elemento de entrada |
Amistad |
| Subdivisión de forma |
Cuentos infantiles |
| 700 1# - ASIENTO SECUNDARIO -- NOMBRE PERSONAL |
| Nombre personal |
Balzola, Asun |
| Fechas asociadas con el nombre |
1942-2006 |
| Mención de responsabilidad |
ilustración |
| 700 1# - ASIENTO SECUNDARIO -- NOMBRE PERSONAL |
| Nombre personal |
María Teresa |
| Mención de responsabilidad |
traductro |
| 910 ## - VALIDACIÓN |
| Validación |
VMateo V. Control de calidad. BPMSU |
| 942 ## - ADDED ENTRY ELEMENTS (KOHA) |
| Source of classification or shelving scheme |
Dewey Decimal Classification |
| Koha item type |
Libros |